Designing and managing organizations
Gespeichert in:
| Hauptverfasser: | , , |
|---|---|
| Format: | Buch |
| Sprache: | Englisch |
| Veröffentlicht: |
Homewood
Richard D. Irwin
1983
|
| Schriftenreihe: | Irwin Series in Management and Behavioral Sciences
|
| Schlagworte: | |
| Tags: |
Tag hinzufügen
Keine Tags, Fügen Sie den ersten Tag hinzu!
|
MARC
| LEADER | 00000nam a2200000 a 4500 | ||
|---|---|---|---|
| 001 | UCW8715 | ||
| 003 | CL-VaPUC | ||
| 008 | 881025e19830000US |||||||||||||||||eng|d | ||
| 082 | 0 | 4 | |a 658.1 |b FIN |2 21 |
| 100 | 0 | |a Fink, Stephen L |e author |9 313944 | |
| 700 | 0 | |a Jenks, R. Stephen |e author |9 313945 | |
| 700 | 0 | |a Willits, Robin D |e author |9 313946 | |
| 245 | 1 | 0 | |a Designing and managing organizations |
| 300 | |a 648 p | ||
| 942 | |c BK | ||
| 945 | |d 19881025 00:00:00 | ||
| 260 | |a Homewood |b Richard D. Irwin |c 1983 | ||
| 650 | 0 | |a Organización |9 256369 | |
| 583 | |a last modification |c 19881025 00:00:00 |k Rodrigo Vera | ||
| 490 | 0 | |a Irwin Series in Management and Behavioral Sciences | |
| 999 | |c 221004 |d 221002 | ||